UM Logo

Automotive handbook/ (Record no. 39)

MARC details
000 -LEADER
fixed length control field 00601nam a2200253Ia 4500
003 - CONTROL NUMBER IDENTIFIER
control field OSt
005 - DATE AND TIME OF LATEST TRANSACTION
control field 20230520112810.0
008 - FIXED-LENGTH DATA ELEMENTS--GENERAL INFORMATION
fixed length control field 151016s9999 xx 000 0 und d
020 ## - INTERNATIONAL STANDARD BOOK NUMBER
International Standard Book Number 9.7811190329e+012
040 ## - CATALOGING SOURCE
Transcribing agency LIC
082 ## - DEWEY DECIMAL CLASSIFICATION NUMBER
Classification number DC 629.23
082 ## - DEWEY DECIMAL CLASSIFICATION NUMBER
Item number Au8
245 ## - TITLE STATEMENT
Title Automotive handbook/
250 ## - EDITION STATEMENT
Edition statement 9th Edition
260 ## - PUBLICATION, DISTRIBUTION, ETC. (IMPRINT)
Place of publication, distribution, etc. Germany
260 ## - PUBLICATION, DISTRIBUTION, ETC. (IMPRINT)
Name of publisher, distributor, etc. Robert Bosch GmbH
260 ## - PUBLICATION, DISTRIBUTION, ETC. (IMPRINT)
Date of publication, distribution, etc. c2014
300 ## - PHYSICAL DESCRIPTION
Extent 1544 pages;
300 ## - PHYSICAL DESCRIPTION
Dimensions 22 cm.
650 ## - SUBJECT ADDED ENTRY--TOPICAL TERM
Topical term or geographic name as entry element Automobiles
General subdivision Handbook, manual, etc
9 (RLIN) 48392
650 ## - SUBJECT ADDED ENTRY--TOPICAL TERM
General subdivision Design and Construction
9 (RLIN) 48393
942 ## - ADDED ENTRY ELEMENTS (KOHA)
Koha item type Books
Source of classification or shelving scheme Dewey Decimal Classification
942 ## - ADDED ENTRY ELEMENTS (KOHA)
Institution code [OBSOLETE] DDC
Source of classification or shelving scheme Dewey Decimal Classification
Koha item type Circulation
Holdings
Withdrawn status Lost status Source of classification or shelving scheme Damaged status Not for loan Collection code Home library Current library Shelving location Date acquired Source of acquisition Total Checkouts Full call number Barcode Date last seen Date last checked out Copy number Price effective from Koha item type
    Dewey Decimal Classification     Circulation UM Digos College - LIC UM Digos College - LIC Book Cart 08/28/2015 Purchased 1 DC 629.23 Au8 2014 23379 05/15/2025 02/06/2020 1 10/16/2015 Circulation